MARC

LEADER 00000nam0a2200000 4500
001 210136
005 20231031192019.0
035 |a (RuTPU)RU\TPU\book\229507 
090 |a 210136 
100 |a 20120220d1969 k y0rusy50 ca 
101 0 |a rus 
102 |a RU 
105 |a a z 001zy 
200 1 |a Теория и практика алмазной обработки  |f Научно-исследовательский институт информации по машиностроению (НИИМАШ) ; под ред. Е. Н. Маслова 
210 |a Москва  |d 1969 
215 |a 227 с.  |c ил. 
225 1 |a Серия С-II 
320 |a Библиогр. в конце ст. 
610 1 |a алмазная обработка 
610 1 |a теория 
610 1 |a практика 
610 1 |a алмаз 
610 1 |a свойства 
610 1 |a алмазные круги 
610 1 |a алмазное шлифование 
610 1 |a процесс 
610 1 |a производительность 
610 1 |a хонингование 
675 |a 621.924.02  |v 3 
675 |a 621.91.021  |v 3 
702 1 |a Маслов  |b Е. Н.  |4 340 
712 0 2 |a Научно-исследовательский институт информации по машиностроению (НИИМАШ)  |2 stltpush  |3 (RuTPU)RU\TPU\col\10491 
801 1 |a RU  |b 63413507  |c 20120220 
801 2 |a RU  |b 63413507  |c 20150220  |g RCR 
942 |c BK